The territorial dimension in government : (Record no. 815)

000 -LEADER
fixed length control field 00920cam a2200277 a 4500
003 - CONTROL NUMBER IDENTIFIER
control field OSt
005 - DATE AND TIME OF LATEST TRANSACTION
control field 20210621073746.0
008 - FIXED-LENGTH DATA ELEMENTS--GENERAL INFORMATION
fixed length control field 820609s1982 nju b 001 0 eng
020 ## - INTERNATIONAL STANDARD BOOK NUMBER
International Standard Book Number 0934540160 (pbk.) :
040 ## - CATALOGING SOURCE
Transcribing agency DLC
043 ## - GEOGRAPHIC AREA CODE
Geographic area code e-uk---
050 00 - LIBRARY OF CONGRESS CALL NUMBER
Classification number JN297
Item number .R44 R67 1982
100 1# - MAIN ENTRY--PERSONAL NAME
Personal name Rose, Richard,
Dates associated with a name 1933-
245 14 - TITLE STATEMENT
Title The territorial dimension in government :
Remainder of title understanding the United Kingdom /
Statement of responsibility, etc. Richard Rose.
260 ## - PUBLICATION, DISTRIBUTION, ETC.
Place of publication, distribution, etc. Chatham, N.J. :
Name of publisher, distributor, etc. Chatham House,
Date of publication, distribution, etc. c1982.
300 ## - PHYSICAL DESCRIPTION
Extent 228 p. ;
Dimensions 23 cm.
504 ## - BIBLIOGRAPHY, ETC. NOTE
Bibliography, etc. note Includes bibliographical references and index.
650 #0 - SUBJECT ADDED ENTRY--TOPICAL TERM
Topical term or geographic name entry element Regionalism
Geographic subdivision Great Britain.
906 ## - LOCAL DATA ELEMENT F, LDF (RLIN)
a 7
b cbc
c orignew
d 1
e ocip
f 19
g y-gencatlg
942 ## - ADDED ENTRY ELEMENTS (KOHA)
Source of classification or shelving scheme
Koha item type Book
Suppress in OPAC SO
Holdings
Withdrawn status Lost status Source of classification or shelving scheme Damaged status Not for loan Permanent Location Current Location Shelving location Date acquired Total Checkouts Full call number Barcode Date last seen Copy number Price effective from Koha item type Public note
          AU LIBRARY AU LIBRARY Open Shelf 21.06.2021   JN297 .R44 R67 1982 C1 28001666 21.06.2021 1 21.06.2021 Book SO
          AU LIBRARY AU LIBRARY Open Shelf 21.06.2021   JN297 .R44 R67 1982 C2 28001667 21.06.2021 2 21.06.2021 Book SO

Powered by Koha